[Event "HUN-chT2 Charousek 0708"]
[Site "Hungary"]
[Date "2008.05.18"]
[Round "11"]
[White "Takacs, Gergo"]
[Black "Imre, Jozsef Otto"]
[Result "0-1"]
[WhiteElo "2206"]
[BlackElo "1986"]
[PlyCount "70"]
[EventDate "2007.10.14"]
[EventType "team"]
[EventRounds "11"]
[EventCountry "HUN"]
[SourceTitle "EXT 2009"]
[Source "ChessBase"]
[SourceDate "2008.11.26"]
[SourceVersion "1"]
[SourceVersionDate "2008.11.26"]
[SourceQuality "1"]
[WhiteTeam "Haladas II"]
[BlackTeam "Vizugy"]
[WhiteTeamCountry "HUN"]
[BlackTeamCountry "HUN"]

1. e4 e6 2. d4 d5 3. Nd2 Nf6 4. e5 Nfd7 5. Bd3 c5 6. c3 Nc6 7. Ngf3 Qb6 8. 0-0 cxd4 9. cxd4 Nxd4 10. Nxd4 Qxd4 11. Nf3 Qb6 12. Qa4 Qb4 13. Qc2 g6 14. Bd2 Qb6 15. Rac1 Bg7 16. Qa4 0-0 17. Ba5 Qxb2 18. Rc3 Nxe5 19. Nxe5 Bxe5 20. Rb1 Qd2 21. Rcb3 Qf4 22. Qxf4 Bxf4 23. Bb4 Rd8 24. Be7 Re8 25. Bf6 Bd6 26. Bb5 Rf8 27. a4 e5 28. Be2 b6 29. Rd1 Be6 30. g4 Rfc8 31. Rh3 e4 32. Rb1 Bf8 33. Ba6 Rc2 34. Rd1 Bg7 35. Bb5 Bxf6 0-1